Fast company

Detalles Bibliográficos
Formato: Electrónico Revista
Lenguaje:inglés
Publicado: Boston, MA : Gruner & Jahr USA Pub. on behalf of Fast Co. Magazine
Materias:
Acceso en línea:Full text available from Research Library: 03/01/2001 to 05/31/2012

MARC

LEADER 00000nas a2200000 a 4500
001 ssj0012332
003 WaSeSS
005 20200512172242.0
006 m d
007 cr n
008 011204c19959999nyumr pss 0 a0eng
010 |a  2008201919 
022 |a 1943-2623  |l 1085-9241  |y 1085-9241 
030 |a FACOFC 
035 |a (WaSeSS)ssj0012332 
037 |b Mansueto Ventures, Fast Company Magazine, 7 World Trade Center, New York, NY 10007-2195 
037 |a 33F42031-B5CF-4AA5-A1DB-CBFD563AFD8C  |b OverDrive, Inc.  |n http://www.overdrive.com 
040 |a HNK  |b eng  |c HNK  |d OCLCQ  |d DLC  |d BUF  |d OCLCQ  |d TXU  |d CUD  |d OCLCQ  |d OCLCF  |d OCLCQ  |d TEF  |d VT2  |d TEFOD  |d TEF  |d OCLCQ  |d WaSeSS 
042 |a pcc  |a nsdp 
050 1 4 |a HF5001  |b .F37 
082 1 0 |a 650.05  |2 14 
130 0 |a Fast company (Online) 
222 0 |a Fast company  |b (Online) 
245 1 0 |a Fast company  |h [electronic resource]. 
260 |a Boston, MA :  |b Gruner & Jahr USA Pub. on behalf of Fast Co. Magazine 
310 |a Monthly (except combined issues Jan./Feb. and July/Aug.),  |b <2001-> 
321 |a Bimonthly,  |b 1995- 
362 1 |a Print began with vol. 1, no. 1 (1995); Full Coverage as of Oct. 24, 2001. 
500 |a Published: New York, N.Y. : Mansueto Ventures, 2005- 
506 |a License restrictions may limit access. 
515 |a Issues for <Apr. 1999-> called issue no. <23-> ; Vol. numbering dropped with <2001->, designated with whole numbering only. 
588 |a Description based on: Issue 45 (Mar. 2001); title from title information screen (viewed Oct. 24, 2001). 
588 |a Latest issue consulted: Issue 127 (July/Aug. 2008) (viewed July 14, 2008). 
650 0 |a Business  |v Periodicals. 
650 0 |a Management  |v Periodicals. 
650 7 |a Business.  |2 fast  |0 (OCoLC)fst00842262 
650 7 |a Management.  |2 fast  |0 (OCoLC)fst01007141 
655 0 |a Electronic journals. 
776 0 8 |i Print version:  |t Fast company  |x 1085-9241  |w (DLC) 96657512  |w (OCoLC)33444063 
856 4 0 |z Full text available from Research Library: 03/01/2001 to 05/31/2012  |u https://search.proquest.com/publication/34261